|
|
|
|
| LEADER |
00000nam0a2200000 4500 |
| 001 |
188222 |
| 005 |
20231101224123.0 |
| 010 |
|
|
|a 9785358046559
|
| 035 |
|
|
|a (RuTPU)RU\TPU\book\204454
|
| 090 |
|
|
|a 188222
|
| 100 |
|
|
|a 20101206d2010 m y0rusy50 ca
|
| 101 |
0 |
|
|a rus
|
| 102 |
|
|
|a RU
|
| 105 |
|
|
|a a j 001zy
|
| 200 |
1 |
|
|a Измерительные информационные системы
|e учебное пособие для вузов
|f Н. А. Рубичев
|
| 210 |
|
|
|a Москва
|c Дрофа
|d 2010
|
| 215 |
|
|
|a 334 с.
|c ил.
|
| 225 |
1 |
|
|a Высшее образование
|
| 320 |
|
|
|a Библиогр.: с. 330-332.
|
| 320 |
|
|
|a Список сокращений: с. 6.
|
| 330 |
|
|
|a В учебном пособии рассмотрены основные задачи, решаемые с помощью измерительных информационных систем (ИИС), классификация, принципы построения и структура ИИС, используемые в них аппаратные средства, а также алгоритмы обработки информации в ИИС различного назначения. Большое внимание уделено анализу неопределенности результатов измерения и достоверности получаемых результатов. Изложены основные подходы к метрологическому обеспечению ИИС. Для студентов приборостроительных специальностей. Может быть использовано аспирантами и специалистами в области информационно-измерительных технологий и измерительных информационных систем.
|
| 606 |
1 |
|
|a Измерительные информационные системы
|2 stltpush
|3 (RuTPU)RU\TPU\subj\68091
|9 83629
|
| 610 |
1 |
|
|a понятия
|
| 610 |
1 |
|
|a структура
|
| 610 |
1 |
|
|a технические средства
|
| 610 |
1 |
|
|a измерительная информация
|
| 610 |
1 |
|
|a сбор
|
| 610 |
1 |
|
|a предварительная обработка
|
| 610 |
1 |
|
|a метрологическое обеспечение
|
| 610 |
1 |
|
|a неопределенность
|
| 610 |
1 |
|
|a анализ
|
| 610 |
1 |
|
|a статистические измерения
|
| 610 |
1 |
|
|a системы автоматического контроля
|
| 610 |
1 |
|
|a системы диагностики
|
| 610 |
1 |
|
|a распознавание образов
|
| 610 |
1 |
|
|a исследуемые объекты
|
| 610 |
1 |
|
|a математические модели
|
| 610 |
1 |
|
|a идентификация
|
| 610 |
1 |
|
|a априорная информация
|
| 610 |
1 |
|
|a недостаточность
|
| 610 |
1 |
|
|a функционирование
|
| 610 |
1 |
|
|a эксплуатация
|
| 610 |
1 |
|
|a математическое моделирование
|
| 610 |
1 |
|
|a учебные пособия
|
| 675 |
|
|
|a 681.518.3(075.8)
|v 3
|
| 700 |
|
1 |
|a Рубичев
|b Н. А.
|g Николай Александрович
|
| 801 |
|
1 |
|a RU
|b 63413507
|c 20101206
|
| 801 |
|
2 |
|a RU
|b 63413507
|c 20110422
|g RCR
|
| 900 |
|
|
|a Измерительные информационные системы
|
| 942 |
|
|
|c BK
|
| 951 |
|
|
|b 150700
|b 220700
|
| 959 |
|
|
|a 86/20101115
|d 1
|e 270,00
|f ЧЗТЛ:1
|